000 00637cam a2200229 4500500
005 20260329005114.0
041 _afre
042 _adc
100 1 0 _aLarmagnac-Matheron, Octave
_eauthor
245 0 0 _a“Long-termisme”
260 _c2022.
500 _a63
690 _aElon Musk
690 _aExtinction
690 _aHistoire
690 _aNick Bostrom
690 _aPeter Singer
690 _aRisque
690 _aTemps
786 0 _nPhilosophie magazine | 161 | 8 | 2022-07-01 | p. 6-6 | 1951-1787
856 4 1 _uhttps://shs.cairn.info/magazine-philosophie-magazine-2022-8-page-6?lang=fr&redirect-ssocas=7080
999 _c1840335
_d1840335